[Event "Prague Summer op-A 6th"]
[Site "Prague"]
[Date "2019.08.06"]
[Round "6"]
[White "Gruber, Michael"]
[Black "Toman, Ondrej"]
[Result "0-1"]
[WhiteElo "2123"]
[BlackElo "2235"]
[PlyCount "112"]
[EventDate "2019.08.02"]
[EventType "swiss"]
[EventRounds "9"]
[EventCountry "CZE"]
[SourceTitle "CBM 191 Extra"]
[Source "ChessBase"]
[SourceDate "2019.09.30"]
[SourceVersion "1"]
[SourceVersionDate "2019.09.30"]
[SourceQuality "1"]

1. e4 e6 2. d4 d5 3. Nd2 h6 4. Ngf3 Nf6 5. e5 Nfd7 6. Bd3 c5 7. c3 Nc6 8. a3 Qb6 9. 0-0 cxd4 10. cxd4 Nxd4 11. Nxd4 Qxd4 12. Nf3 Qb6 13. Qa4 a6 14. Bd2 Be7 15. Rac1 Qxb2 16. Rc3 0-0 17. Rb1 Qa2 18. Bxh6 f5 19. Be3 b5 20. Qd1 d4 21. Nxd4 Nxe5 22. Rcb3 Nc4 23. Nc6 Bd6 24. Ra1 Nb2 25. Rxa2 Nxd1 26. Bg5 Bb7 27. Rc2 Rfc8 28. Ne7+ Bxe7 29. Bxe7 Bd5 30. Rb1 Rxc2 31. Bxc2 Nc3 32. Re1 Kf7 33. Bb4 Rc8 34. Bd3 Be4 35. Bf1 Nd5 36. Ba5 Nf6 37. f3 Bd5 38. Ra1 Rc2 39. Bd3 Rb2 40. Bb4 Bc4 41. Bxc4 bxc4 42. Rc1 Nd5 43. Rxc4 Rxg2+ 44. Kxg2 Ne3+ 45. Kf2 Nxc4 46. Ke2 g5 47. Kd3 Ne5+ 48. Ke3 g4 49. f4 Ng6 50. Bd2 Nh4 51. Kd3 Nf3 52. Be3 Nxh2 53. Bf2 e5 54. fxe5 Ke6 55. Kc4 f4 56. Kc5 g3 0-1

[Event "AUT-chT2W 1415"]
[Site "Austria"]
[Date "2014.10.12"]
[Round "3.1"]
[White "Meier, Alexander"]
[Black "Gruber, Michael"]
[Result "1/2-1/2"]
[WhiteElo "2191"]
[BlackElo "2223"]
[PlyCount "62"]
[EventDate "2014.10.10"]
[EventType "team-tourn"]
[EventRounds "11"]
[EventCountry "AUT"]
[SourceTitle "EXT 2015"]
[Source "ChessBase"]
[SourceDate "2014.11.20"]
[SourceVersion "1"]
[SourceVersionDate "2014.11.20"]
[SourceQuality "1"]
[WhiteTeam "Innsbruck"]
[BlackTeam "Schwaz"]
[WhiteTeamCountry "AUT"]
[BlackTeamCountry "AUT"]

1. e4 e5 2. Nf3 Nc6 3. Bc4 Bc5 4. c3 Nf6 5. d3 a6 6. Bb3 Ba7 7. h3 d6 8. Nbd2 0-0 9. Nf1 d5 10. Qe2 dxe4 11. dxe4 Qe7 12. Bg5 Be6 13. Bc2 b5 14. Ne3 Rfd8 15. 0-0 h6 16. Bh4 Rd6 17. Rfe1 Bxe3 18. Qxe3 Rad8 19. Qc5 g5 20. Bg3 Nd7 21. Qe3 Qf6 22. Bb3 Nf8 23. Nh2 Qe7 24. Qf3 Ng6 25. Qh5 Kg7 26. Ng4 Bxg4 27. Qxg4 Na5 28. Bd5 c6 29. Bb3 Qd7 30. Qxd7 R8xd7 31. Kf1 Nf4 1/2-1/2

[Event "AUT-chT2W 1415"]
[Site "Austria"]
[Date "2014.10.10"]
[Round "1.2"]
[White "Gruber, Michael"]
[Black "Spornberger, Maximilian"]
[Result "0-1"]
[WhiteElo "2223"]
[BlackElo "2303"]
[PlyCount "104"]
[EventDate "2014.10.10"]
[EventType "team-tourn"]
[EventRounds "11"]
[EventCountry "AUT"]
[SourceTitle "EXT 2015"]
[Source "ChessBase"]
[SourceDate "2014.11.20"]
[SourceVersion "1"]
[SourceVersionDate "2014.11.20"]
[SourceQuality "1"]
[WhiteTeam "Schwaz"]
[BlackTeam "Rum Rochade"]
[WhiteTeamCountry "AUT"]
[BlackTeamCountry "AUT"]

1. e4 e6 2. d4 d5 3. Nd2 Nf6 4. Bd3 c5 5. e5 Nfd7 6. c3 Nc6 7. Ndf3 cxd4 8. cxd4 f6 9. exf6 Nxf6 10. Nh3 Bb4+ 11. Bd2 Qa5 12. a3 Bxd2+ 13. Qxd2 Qxd2+ 14. Kxd2 0-0 15. Rhe1 h6 16. Nf4 Ne4+ 17. Ke3 Nxf2 18. Nxe6 Bxe6 19. Kxf2 Nxd4 20. Kg3 Bf5 21. Nxd4 Bxd3 22. Rad1 Be4 23. Ne6 Rf6 24. Nf4 Raf8 25. Nxd5 Rg6+ 26. Kh4 Bxd5 27. Rxd5 Rxg2 28. Re7 Rxh2+ 29. Kg3 Rff2 30. Rxb7 Rhg2+ 31. Kh3 Rxb2 32. Rxa7 Rgc2 33. Rd3 h5 34. a4 Rh2+ 35. Kg3 h4+ 36. Kg4 Rbg2+ 37. Kf4 h3 38. a5 Rh1 39. Ra8+ Kf7 40. Rh8 g5+ 41. Kf5 Rf1+ 42. Ke5 Re2+ 43. Kd4 g4 44. a6 Ra2 45. a7 Rxa7 46. Rh7+ Kg6 47. Rxa7 h2 48. Ra6+ Kg5 49. Ra5+ Kf4 50. Rh5 h1Q 51. Rxh1 Rxh1 52. Kc4 g3 0-1

[Event "Schwarzach op 29th"]
[Site "Schwarzach"]
[Date "2014.08.17"]
[Round "2"]
[White "Krivoborodov, Egor"]
[Black "Gruber, Michael"]
[Result "1/2-1/2"]
[WhiteElo "2507"]
[BlackElo "2218"]
[PlyCount "77"]
[EventDate "2014.08.16"]
[EventType "swiss"]
[EventRounds "9"]
[EventCountry "AUT"]
[SourceTitle "CBM 162 Extra"]
[Source "ChessBase"]
[SourceDate "2014.10.17"]
[SourceVersion "1"]
[SourceVersionDate "2014.10.17"]
[SourceQuality "1"]

1. e4 e5 2. Nf3 Nc6 3. Nc3 Nf6 4. d4 exd4 5. Nxd4 Bb4 6. Nxc6 bxc6 7. Bd3 d5 8. exd5 0-0 9. 0-0 cxd5 10. h3 c6 11. Qf3 Be6 12. Bg5 Bd6 13. Ne2 h6 14. Bxf6 Qxf6 15. Qxf6 gxf6 16. Ng3 Rab8 17. Rab1 c5 18. c3 Rb6 19. Nh5 f5 20. f4 Rfb8 21. b3 c4 22. Bc2 a5 23. Ng3 Bc5+ 24. Kh2 cxb3 25. Rxb3 d4 26. Rxb6 Rxb6 27. cxd4 Bxd4 28. Nxf5 Bxf5 29. Bxf5 Rb2 30. Rd1 Be3 31. Kg3 Rxa2 32. Kf3 Bd2 33. Be4 Ra3+ 34. Kg4 Ra4 35. Kf5 Rd4 36. Ke5 Rd8 37. Bd5 Be3 38. Kf5 Kg7 39. Rd3 1/2-1/2

[Event "AUT-chT2W 1314"]
[Site "Austria"]
[Date "2014.03.09"]
[Round "11.4"]
[White "Gruber, Michael"]
[Black "Hoellrigl, Wilfried"]
[Result "1/2-1/2"]
[WhiteElo "2194"]
[BlackElo "2195"]
[PlyCount "89"]
[EventDate "2013.10.18"]
[EventType "team-tourn"]
[EventRounds "11"]
[EventCountry "AUT"]
[SourceTitle "EXT 2015"]
[Source "ChessBase"]
[SourceDate "2014.11.20"]
[SourceVersion "1"]
[SourceVersionDate "2014.11.20"]
[SourceQuality "1"]
[WhiteTeam "Schwaz"]
[BlackTeam "Rum Rochade"]
[WhiteTeamCountry "AUT"]
[BlackTeamCountry "AUT"]

1. e4 c5 2. Nf3 Nc6 3. d4 cxd4 4. Nxd4 Nf6 5. Nc3 e5 6. Ndb5 d6 7. Bg5 a6 8. Na3 b5 9. Nd5 Be7 10. Bxf6 Bxf6 11. c3 Ne7 12. Nc2 Nxd5 13. Qxd5 Rb8 14. Nb4 Bb7 15. Qd3 0-0 16. Nd5 Bg5 17. g3 f5 18. Bg2 f4 19. 0-0 Qd7 20. h4 Bd8 21. Kh2 g5 22. hxg5 Bxg5 23. Rad1 Qg7 24. Bh3 Qh6 25. gxf4 exf4 26. Rg1 Kh8 27. Qd4+ Bf6 28. Nxf6 Qxf6 29. f3 Rbd8 30. Rg5 Qxd4 31. Rxd4 Rf6 32. Bf5 Re8 33. Kh3 h6 34. Rg4 Re5 35. Rxf4 d5 36. Kg3 Kg7 37. Rg4+ Kf7 38. Bh7 dxe4 39. fxe4 Re7 40. Rd8 Ke6 41. Bf5+ Ke5 42. Kh4 Bc6 43. Rd2 Rc7 44. Rg6 Rcf7 45. Rxf6 1/2-1/2

[Event "AUT-chT2W 1314"]
[Site "Austria"]
[Date "2014.03.07"]
[Round "9.3"]
[White "Gruber, Michael"]
[Black "Ljubic, Juro"]
[Result "1-0"]
[WhiteElo "2194"]
[BlackElo "2226"]
[PlyCount "101"]
[EventDate "2013.10.18"]
[EventType "team-tourn"]
[EventRounds "11"]
[EventCountry "AUT"]
[SourceTitle "EXT 2015"]
[Source "ChessBase"]
[SourceDate "2014.11.20"]
[SourceVersion "1"]
[SourceVersionDate "2014.11.20"]
[SourceQuality "1"]
[WhiteTeam "Schwaz"]
[BlackTeam "Schwarzach"]
[WhiteTeamCountry "AUT"]
[BlackTeamCountry "AUT"]

1. e4 c5 2. Nf3 d6 3. Bb5+ Nd7 4. 0-0 Ngf6 5. Re1 a6 6. Bxd7+ Bxd7 7. e5 dxe5 8. Nxe5 e6 9. d4 Qb6 10. d5 Rd8 11. c4 Be7 12. Nc3 0-0 13. Qf3 Bc8 14. b3 Ne8 15. Nd3 Qc7 16. Bf4 Bd6 17. Rad1 Bxf4 18. Qxf4 Qa5 19. Na4 exd5 20. Naxc5 Nf6 21. a4 dxc4 22. b4 Qb6 23. Qxc4 Qc7 24. a5 b6 25. axb6 Qxb6 26. Ra1 Rd6 27. Ne5 Be6 28. Qxa6 Qb8 29. Qa4 Nd5 30. Ned7 Bxd7 31. Nxd7 Nb6 32. Nxb8 Nxa4 33. Rxa4 Rxb8 34. b5 f6 35. Rb4 Rdb6 36. Reb1 Kf7 37. Kf1 Ke6 38. Ke2 Kd5 39. Kd3 R8b7 40. Rd4+ Kc5 41. Rc1+ Kxb5 42. Rd5+ Ka4 43. Ra1+ Kb3 44. Rb1+ Ka2 45. Rxb6 Rxb6 46. Rd7 g6 47. Rxh7 Rb3+ 48. Ke4 Rb4+ 49. Kf3 Rb5 50. g4 Kb3 51. Rh6 1-0

[Event "AUT-chT2W 1213"]
[Site "Austria"]
[Date "2013.03.08"]
[Round "9.4"]
[White "Kessler, Luca"]
[Black "Gruber, Michael"]
[Result "1/2-1/2"]
[WhiteElo "2242"]
[BlackElo "2155"]
[PlyCount "59"]
[EventDate "2012.10.05"]
[EventType "team-tourn"]
[EventRounds "11"]
[EventCountry "AUT"]
[SourceTitle "EXT 2014"]
[Source "ChessBase"]
[SourceDate "2013.11.20"]
[SourceVersion "1"]
[SourceVersionDate "2013.11.20"]
[SourceQuality "1"]
[WhiteTeam "Hohenems II"]
[BlackTeam "Schwaz"]
[WhiteTeamCountry "AUT"]
[BlackTeamCountry "AUT"]

1. d4 f5 2. Nf3 Nf6 3. g3 g6 4. Bg2 Bg7 5. b3 0-0 6. Bb2 d6 7. 0-0 c6 8. Nbd2 d5 9. Ne5 Nbd7 10. Nd3 Ne4 11. Nf3 Qb6 12. Rc1 g5 13. c4 g4 14. Nfe5 Nxe5 15. Nxe5 Be6 16. cxd5 cxd5 17. e3 Rac8 18. Qe2 Qa5 19. Ba1 Qa3 20. Qb2 Qxb2 21. Bxb2 Rxc1 22. Rxc1 Rc8 23. Rxc8+ Bxc8 24. h3 Bxe5 25. dxe5 Kf7 26. Bd4 b6 27. hxg4 fxg4 28. Bxe4 dxe4 29. Kf1 Ke6 30. Ke1 1/2-1/2

[Event "AUT-chT2W 1213"]
[Site "Austria"]
[Date "2013.01.13"]
[Round "8.3"]
[White "Herbrechtsmeier, Christof"]
[Black "Gruber, Michael"]
[Result "1/2-1/2"]
[WhiteElo "2283"]
[BlackElo "2155"]
[PlyCount "59"]
[EventDate "2012.10.05"]
[EventType "team-tourn"]
[EventRounds "11"]
[EventCountry "AUT"]
[SourceTitle "EXT 2014"]
[Source "ChessBase"]
[SourceDate "2013.11.20"]
[SourceVersion "1"]
[SourceVersionDate "2013.11.20"]
[SourceQuality "1"]
[WhiteTeam "Bregenz"]
[BlackTeam "Schwaz"]
[WhiteTeamCountry "AUT"]
[BlackTeamCountry "AUT"]

1. e4 e5 2. Nf3 Nc6 3. Bc4 Bc5 4. c3 Nf6 5. d4 exd4 6. cxd4 Bb4+ 7. Bd2 Bxd2+ 8. Nbxd2 d5 9. exd5 Nxd5 10. Qb3 Na5 11. Qa4+ Nc6 12. Qb3 Na5 13. Qa4+ Nc6 14. Qa3 Qe7+ 15. Qxe7+ Ncxe7 16. 0-0 Bf5 17. Bxd5 Nxd5 18. Rfe1+ Be6 19. Ng5 Kd7 20. Ndf3 Raf8 21. a3 c6 22. g3 Nc7 23. Nxe6 Nxe6 24. Ne5+ Kd6 25. Rad1 Nc7 26. Nc4+ Kd7 27. Ne3 Re8 28. Kf1 Nd5 29. Nxd5 Rxe1+ 30. Kxe1 1/2-1/2

[Event "AUT-chT2W 1213"]
[Site "Austria"]
[Date "2012.10.07"]
[Round "3.5"]
[White "Platzgummer, Fabian"]
[Black "Gruber, Michael"]
[Result "1-0"]
[WhiteElo "2311"]
[BlackElo "2155"]
[PlyCount "95"]
[EventDate "2012.10.05"]
[EventType "team-tourn"]
[EventRounds "11"]
[EventCountry "AUT"]
[SourceTitle "EXT 2013"]
[Source "ChessBase"]
[SourceDate "2012.11.22"]
[SourceVersion "1"]
[SourceVersionDate "2012.11.22"]
[SourceQuality "1"]
[WhiteTeam "Zillertal"]
[BlackTeam "Schwaz"]
[WhiteTeamCountry "AUT"]
[BlackTeamCountry "AUT"]

1. Nf3 f5 2. d3 d6 3. e4 e5 4. Nc3 Nc6 5. exf5 Bxf5 6. d4 Nxd4 7. Nxd4 exd4 8. Qxd4 c6 9. Bf4 Qf6 10. Qe3+ Qe7 11. 0-0-0 Qxe3+ 12. Bxe3 Nf6 13. h3 d5 14. g4 Bg6 15. Bg2 Bb4 16. Ne2 0-0 17. Nf4 Bf7 18. Nd3 Bd6 19. f4 Rfe8 20. Bd4 Nd7 21. Rhe1 c5 22. Be5 Bxe5 23. fxe5 c4 24. e6 Bxe6 25. Rxe6 cxd3 26. Bxd5 Kf8 27. Rxd3 Rxe6 28. Bxe6 Ne5 29. Re3 Nc6 30. c3 Rd8 31. Kc2 Rd6 32. b4 Ne7 33. a4 Nd5 34. Bxd5 Rxd5 35. c4 Rd4 36. Kc3 Rf4 37. c5 a5 38. b5 Rxa4 39. Re6 Ra1 40. Rb6 Rc1+ 41. Kd4 Rd1+ 42. Ke5 Re1+ 43. Kd6 Rd1+ 44. Kc7 Rd5 45. c6 bxc6 46. bxc6 Ke7 47. Kb7 Rc5 48. Rb1 1-0

[Event "AUT-chT2W 1213"]
[Site "Austria"]
[Date "2012.10.05"]
[Round "1.5"]
[White "Jedinger, Andreas"]
[Black "Gruber, Michael"]
[Result "1/2-1/2"]
[WhiteElo "2174"]
[BlackElo "2155"]
[PlyCount "147"]
[EventDate "2012.10.05"]
[EventType "team-tourn"]
[EventRounds "11"]
[EventCountry "AUT"]
[SourceTitle "EXT 2013"]
[Source "ChessBase"]
[SourceDate "2012.11.22"]
[SourceVersion "1"]
[SourceVersionDate "2012.11.22"]
[SourceQuality "1"]
[WhiteTeam "Rum Rochade"]
[BlackTeam "Schwaz"]
[WhiteTeamCountry "AUT"]
[BlackTeamCountry "AUT"]

1. e4 e5 2. Nf3 Nc6 3. Bb5 a6 4. Ba4 Nf6 5. 0-0 Be7 6. Re1 b5 7. Bb3 d6 8. c3 0-0 9. h3 Nb8 10. d4 Nbd7 11. Nbd2 Bb7 12. Bc2 Re8 13. Nf1 Bf8 14. Ng3 g6 15. a4 c5 16. d5 c4 17. Bg5 Be7 18. Qd2 h5 19. Bh6 Nh7 20. Nf1 Bf8 21. Be3 Bg7 22. Ra3 Qc7 23. Rea1 Nc5 24. Qd1 Nf6 25. N3d2 Nfd7 26. axb5 axb5 27. Rxa8 Rxa8 28. Rxa8+ Bxa8 29. Qa1 Bb7 30. Qa7 Qb6 31. Qa3 Qa6 32. Qb4 Kh7 33. Nb1 Qb6 34. Na3 Ba6 35. f3 Bh6 36. Bf2 Bc1 37. Nb1 Bg5 38. Nbd2 Qc7 39. b3 cxb3 40. Nxb3 Na4 41. Be1 Nb2 42. Na5 Nc4 43. Nxc4 bxc4 44. Bf2 Kg7 45. Ba4 Bc1 46. Bc6 Nf8 47. Ba4 Nd7 48. Bc6 Nb8 49. Qa4 Bb2 50. Ne3 Bxc3 51. Nxc4 Bxc4 52. Qxc4 Qa5 53. Ba4 Qb4 54. Qxb4 Bxb4 55. Bb5 Ba5 56. Kf1 f6 57. Ke2 Kf7 58. Ba7 Bc7 59. g3 Ke7 60. f4 Nd7 61. Bxd7 Kxd7 62. fxe5 fxe5 63. Kf3 g5 64. Be3 Bd8 65. Bd2 Bf6 66. g4 h4 67. Ke2 Bd8 68. Kd3 Be7 69. Kc4 Bf6 70. Kb5 Be7 71. Kb6 Bf6 72. Kb7 Be7 73. Ba5 Bf6 74. Bb6 1/2-1/2

[Event "Vienna Husek op-A"]
[Site "Vienna"]
[Date "2012.08.16"]
[Round "4"]
[White "Gruber, Michael"]
[Black "Kottisch, Gustav"]
[Result "1-0"]
[WhiteElo "2155"]
[BlackElo "1936"]
[PlyCount "53"]
[EventDate "2012.08.13"]
[EventType "swiss"]
[EventRounds "7"]
[EventCountry "AUT"]
[SourceTitle "EXT 2014"]
[Source "ChessBase"]
[SourceDate "2013.11.20"]
[SourceVersion "1"]
[SourceVersionDate "2013.11.20"]
[SourceQuality "1"]

1. e4 c5 2. Nf3 Nc6 3. d4 cxd4 4. Nxd4 Nf6 5. Nc3 e5 6. Ndb5 d6 7. Bg5 a6 8. Na3 b5 9. Nd5 Be7 10. Bxf6 Bxf6 11. c3 0-0 12. Nc2 Rb8 13. a4 bxa4 14. Rxa4 Rxb2 15. Bxa6 Bg5 16. 0-0 Rb8 17. Ncb4 Qd7 18. Bxc8 Qxc8 19. Qd3 Kh8 20. Ra6 Nxb4 21. cxb4 Qd7 22. Rd1 Rfd8 23. Rb1 Qb5 24. Qxb5 Rxb5 25. Kf1 g6 26. Ke2 f5 27. Nc7 1-0

[Event "Vienna Husek op-A"]
[Site "Vienna"]
[Date "2012.08.14"]
[Round "2"]
[White "Gruber, Michael"]
[Black "Michalczak, Thomas"]
[Result "0-1"]
[WhiteElo "2155"]
[BlackElo "2364"]
[PlyCount "30"]
[EventDate "2012.08.13"]
[EventType "swiss"]
[EventRounds "7"]
[EventCountry "AUT"]
[SourceTitle "CBM 149 Extra"]
[Source "ChessBase"]
[SourceDate "2012.08.24"]
[SourceVersion "1"]
[SourceVersionDate "2012.08.24"]
[SourceQuality "1"]

1. e4 e5 2. f4 exf4 3. Bc4 Nc6 4. Nf3 g5 5. h4 g4 6. Ng5 Ne5 7. Bb3 h6 8. d4 hxg5 9. dxe5 Qe7 10. e6 dxe6 11. Qxg4 e5 12. Qe2 Nf6 13. Nd2 Bg4 14. Nf3 0-0-0 15. Bd2 Rd4 0-1

[Event "AUT-chT2W 1112"]
[Site "Austria"]
[Date "2012.03.10"]
[Round "10.4"]
[White "Kessler, Luca"]
[Black "Gruber, Michael"]
[Result "1/2-1/2"]
[WhiteElo "2206"]
[BlackElo "2141"]
[PlyCount "97"]
[EventDate "2011.10.07"]
[EventType "team-tourn"]
[EventRounds "11"]
[EventCountry "AUT"]
[SourceTitle "EXT 2013"]
[Source "ChessBase"]
[SourceDate "2012.11.22"]
[SourceVersion "1"]
[SourceVersionDate "2012.11.22"]
[SourceQuality "1"]
[WhiteTeam "Goetzis"]
[BlackTeam "Schwaz"]
[WhiteTeamCountry "AUT"]
[BlackTeamCountry "AUT"]

1. d4 f5 2. g3 Nf6 3. Bg2 g6 4. c3 Bg7 5. Qb3 Nc6 6. Nh3 d5 7. 0-0 0-0 8. Nf4 e6 9. Nd2 Qe7 10. e3 Ne4 11. Nxe4 fxe4 12. Bd2 g5 13. Nh5 Na5 14. Qb4 Qxb4 15. cxb4 Nc4 16. Bc3 Bd7 17. Nxg7 Kxg7 18. a4 g4 19. b5 a6 20. b3 Nd6 21. bxa6 Rxa6 22. Rfc1 Nf7 23. Bf1 Raa8 24. Bb4 Rfc8 25. h4 gxh3 26. Bxh3 Ng5 27. Bf1 Be8 28. Be2 Bg6 29. Kg2 Bf5 30. g4 Bg6 31. Rc3 c6 32. a5 Nf7 33. Bc5 Rh8 34. Be7 Rae8 35. Bh4 h5 36. gxh5 Bxh5 37. Bxh5 Rxh5 38. Bg3 e5 39. a6 bxa6 40. Rxa6 exd4 41. exd4 Ng5 42. Raxc6 Nf3 43. Rxf3 exf3+ 44. Kxf3 Re4 45. Be5+ Kf7 46. Rd6 Rh3+ 47. Kg2 Rxb3 48. Rxd5 Rd3 49. Rd7+ 1/2-1/2

[Event "AUT-chT2W 1112"]
[Site "Austria"]
[Date "2012.01.29"]
[Round "8.4"]
[White "Gruber, Michael"]
[Black "Knechtel, Roland"]
[Result "0-1"]
[WhiteElo "2141"]
[BlackElo "2222"]
[PlyCount "62"]
[EventDate "2011.10.07"]
[EventType "team-tourn"]
[EventRounds "11"]
[EventCountry "AUT"]
[SourceTitle "EXT 2013"]
[Source "ChessBase"]
[SourceDate "2012.11.22"]
[SourceVersion "1"]
[SourceVersionDate "2012.11.22"]
[SourceQuality "1"]
[WhiteTeam "Schwaz"]
[BlackTeam "Ranshofen"]
[WhiteTeamCountry "AUT"]
[BlackTeamCountry "AUT"]

1. e4 c6 2. d4 d5 3. Nd2 dxe4 4. Nxe4 Bf5 5. Ng3 Bg6 6. Nf3 Nd7 7. Bd3 e6 8. 0-0 Ngf6 9. Re1 Be7 10. Bg5 0-0 11. Bxg6 hxg6 12. Qe2 Qb6 13. Ne5 Qxd4 14. Nc4 b5 15. Ne5 Qxe5 16. Qxe5 Nxe5 17. Rxe5 Rfd8 18. Ree1 Rd5 19. Be3 Ng4 20. Nf1 Bf6 21. Bc1 Rad8 22. h3 Ne5 23. Ne3 Rd4 24. b3 R4d7 25. Rb1 c5 26. Bb2 Nc6 27. Bxf6 gxf6 28. c4 b4 29. a3 a5 30. axb4 axb4 31. Ra1 Rd3 0-1

[Event "AUT-chT2W 1011"]
[Site "Austria"]
[Date "2010.10.16"]
[Round "2.4"]
[White "Gruber, Michael"]
[Black "Hengl, Christian"]
[Result "0-1"]
[WhiteElo "2133"]
[BlackElo "2193"]
[PlyCount "76"]
[EventDate "2010.10.15"]
[EventType "team-tourn"]
[EventRounds "11"]
[EventCountry "AUT"]
[SourceTitle "EXT 2011"]
[Source "ChessBase"]
[SourceDate "2010.11.26"]
[SourceVersion "1"]
[SourceVersionDate "2010.11.26"]
[SourceQuality "1"]
[WhiteTeam "Schwaz"]
[BlackTeam "Rum Rochade"]
[WhiteTeamCountry "AUT"]
[BlackTeamCountry "AUT"]

1. e4 e6 2. d4 d5 3. Nd2 Nf6 4. Bd3 c5 5. e5 Nfd7 6. c3 Nc6 7. Ndf3 Qa5 8. Bd2 Qb6 9. Ne2 Qxb2 10. 0-0 c4 11. Bc2 Qa3 12. Ng5 h6 13. Nxf7 Kxf7 14. Nf4 Kg8 15. Ng6 Be7 16. Nxh8 Kxh8 17. Qh5 Nf8 18. g4 Bd7 19. g5 Qb2 20. Rac1 Nxd4 21. gxh6 g6 22. Qd1 Nxc2 23. Rxc2 Qa3 24. Qg4 Nh7 25. h4 Rg8 26. Kh2 Qa5 27. Rg1 Qd8 28. Bg5 Nxg5 29. hxg5 Kh7 30. f4 Rf8 31. Qg3 Rf5 32. Rgg2 Bc5 33. Kh3 Bc6 34. Rge2 b5 35. Kg4 a5 36. Re1 b4 37. Rb1 d4 38. cxd4 Qxd4 0-1

[Event "Schwarzach op 25th"]
[Site "Schwarzach"]
[Date "2010.08.23"]
[Round "3"]
[White "Eisenbeiser, Amadeus"]
[Black "Gruber, Michael"]
[Result "1-0"]
[WhiteElo "2397"]
[BlackElo "2133"]
[PlyCount "49"]
[EventDate "2010.08.21"]
[EventType "swiss"]
[EventRounds "9"]
[EventCountry "AUT"]
[SourceTitle "CBM 138 Extra"]
[Source "ChessBase"]
[SourceDate "2010.10.29"]
[SourceVersion "1"]
[SourceVersionDate "2010.10.29"]
[SourceQuality "1"]

1. d4 f5 2. Nf3 Nf6 3. g3 g6 4. Bg2 Bg7 5. 0-0 0-0 6. c4 d6 7. Nc3 Qe8 8. b3 Na6 9. Ba3 Bd7 10. Qd3 Rb8 11. Rad1 b5 12. cxb5 Bxb5 13. Nxb5 Qxb5 14. Qxb5 Rxb5 15. Nd2 c5 16. Bb2 Rc8 17. Rc1 Rbb8 18. Rfd1 Nd7 19. Ba1 Nb4 20. a3 Na6 21. b4 Rd8 22. bxc5 dxc5 23. e3 cxd4 24. exd4 Nb6 25. Bf1 1-0

[Event "Ratten op"]
[Site "Ratten"]
[Date "2009.05.22"]
[Round "3"]
[White "Kragelj, Igor"]
[Black "Gruber, Michael"]
[Result "1/2-1/2"]
[WhiteElo "2232"]
[BlackElo "2121"]
[PlyCount "46"]
[EventDate "2009.05.21"]
[EventType "swiss"]
[EventRounds "5"]
[EventCountry "AUT"]
[SourceTitle "EXT 2010"]
[Source "ChessBase"]
[SourceDate "2010.11.25"]
[SourceVersion "1"]
[SourceVersionDate "2010.11.25"]
[SourceQuality "1"]

1. d4 f5 2. g3 Nf6 3. Bg2 g6 4. Nf3 Bg7 5. 0-0 0-0 6. c4 d6 7. Nc3 Qe8 8. d5 a5 9. Nd4 Na6 10. e4 fxe4 11. Nxe4 Nxe4 12. Bxe4 Bh3 13. Re1 Nc5 14. Bh1 Qf7 15. Be3 Rae8 16. Qd2 e5 17. dxe6 Nxe6 18. Nxe6 Bxe6 19. Rac1 b6 20. Bc6 Bd7 21. Bd5 Be6 22. Bc6 Bd7 23. Bd5 Be6 1/2-1/2

[Event "AUT-chT2W 0809"]
[Site "Austria"]
[Date "2009.03.07"]
[Round "10.3"]
[White "Gruber, Michael"]
[Black "Hecht, Hans Joachim"]
[Result "1/2-1/2"]
[WhiteElo "2112"]
[BlackElo "2394"]
[PlyCount "44"]
[EventDate "2008.10.17"]
[EventType "team-tourn"]
[EventRounds "11"]
[EventCountry "AUT"]
[SourceTitle "EXT 2010"]
[Source "ChessBase"]
[SourceDate "2010.11.25"]
[SourceVersion "1"]
[SourceVersionDate "2010.11.25"]
[SourceQuality "1"]
[WhiteTeam "Schwaz"]
[BlackTeam "Schwarzach"]
[WhiteTeamCountry "AUT"]
[BlackTeamCountry "AUT"]

1. e4 e6 2. d4 d5 3. Nd2 Nf6 4. e5 Nfd7 5. Bd3 c5 6. c3 Nc6 7. Ndf3 cxd4 8. cxd4 Nb6 9. Ne2 Bd7 10. 0-0 Be7 11. Nf4 Rc8 12. Nh5 g6 13. Ng3 Nb4 14. Bh6 Nc4 15. Bxc4 dxc4 16. Ne4 Bc6 17. Nfg5 Nd3 18. Qg4 Qd5 19. Nc3 Qd7 20. Nce4 Qd5 21. Nc3 Qd7 22. Nce4 Qd5 1/2-1/2

[Event "AUT-chT2W 0809"]
[Site "Austria"]
[Date "2009.03.06"]
[Round "9.3"]
[White "Gruber, Michael"]
[Black "Schmidlechner, Alexander"]
[Result "1/2-1/2"]
[WhiteElo "2112"]
[BlackElo "2210"]
[PlyCount "96"]
[EventDate "2008.10.17"]
[EventType "team-tourn"]
[EventRounds "11"]
[EventCountry "AUT"]
[SourceTitle "EXT 2010"]
[Source "ChessBase"]
[SourceDate "2010.11.25"]
[SourceVersion "1"]
[SourceVersionDate "2010.11.25"]
[SourceQuality "1"]
[WhiteTeam "Schwaz"]
[BlackTeam "Goetzis"]
[WhiteTeamCountry "AUT"]
[BlackTeamCountry "AUT"]

1. e4 c5 2. Nf3 Nc6 3. d4 cxd4 4. Nxd4 Nf6 5. Nc3 e5 6. Ndb5 d6 7. Bg5 a6 8. Na3 b5 9. Nd5 Be7 10. Bxf6 Bxf6 11. c3 0-0 12. Nc2 Bb7 13. Nce3 Bg5 14. Nf5 g6 15. h4 Bf4 16. Nxf4 gxf5 17. Nh5 Kh8 18. exf5 Ne7 19. Bd3 f6 20. f3 d5 21. Qe2 Qc7 22. 0-0 Nc6 23. a4 b4 24. Kh1 Qf7 25. g4 Rg8 26. Rg1 a5 27. Rae1 Rgf8 28. Kh2 bxc3 29. bxc3 Qc7 30. Kh3 d4 31. g5 fxg5 32. hxg5 Bc8 33. cxd4 Nxd4 34. Qg2 Bxf5+ 35. Bxf5 Rxf5 36. f4 Raf8 37. Rxe5 Rxe5 38. fxe5 Qxe5 39. Rf1 Qe6+ 40. Kh2 Qe5+ 41. Ng3 Rxf1 42. Qxf1 Kg7 43. Qd3 Ne6 44. Qf5 Qxf5 45. Nxf5+ Kg6 46. Ne7+ Kxg5 47. Nc6 Nc5 48. Nxa5 Nxa4 1/2-1/2